Countries but all Vowels are Changed to “O” #3 - Statistics

General Stats
  • This quiz has been taken 909 times
    879 since last reset
  • The average score is 14 of 15
Answer Stats
Coontro Country % Correct
Rwondo Rwanda
100%
Bolovoo Bolivia
99%
North Mocodonoo North Macedonia
99%
Grooco Greece
98%
Cobo Cuba
97%
Goorgoo Georgia
97%
Tongo Tonga
97%
Goyono Guyana
96%
Korgozston Kyrgyzstan
96%
Loochtonstoon Liechtenstein
96%
Ogondo Uganda
96%
Ondoo India
95%
Nomoboo Namibia
95%
Otolo Italy
89%
Nooro Nauru
89%
No matching quizzes found
Score Distribution
Percent of People with Each Score
Percentile by Number Answered
Your Score History
You have not taken this quiz since the last reset